Bacterial chromosome (Record no. 184466)

MARC details
000 -LEADER
fixed length control field 00518nam a22001937a 4500
020 ## - INTERNATIONAL STANDARD BOOK NUMBER
ISBN 1-55581-232-5
041 ## - LANGUAGE CODE
Language code of text/sound track or separate title eng
082 ## - DEWEY DECIMAL CLASSIFICATION NUMBER
Edition number 23rd ed.
Classification number 572.87
Item number BAC
245 ## - TITLE STATEMENT
Title Bacterial chromosome
Statement of responsibility, etc edited by N. Patrick Higgins
260 ## - PUBLICATION, DISTRIBUTION, ETC. (IMPRINT)
Place of publication Washington
Name of publisher ASM
Year of publication 2005
300 ## - PHYSICAL DESCRIPTION
Number of Pages xv, 559p.; ill.;
Dimensions 28 cm.
650 ## - SUBJECT ADDED ENTRY--TOPICAL TERM
Topical Term Bacteria
650 ## - SUBJECT ADDED ENTRY--TOPICAL TERM
Topical Term Bacterial chromosomes
650 ## - SUBJECT ADDED ENTRY--TOPICAL TERM
Topical Term Bacterial genetics
700 ## - ADDED ENTRY--PERSONAL NAME
Personal name Higgins, N. Patrick
856 ## - ELECTRONIC LOCATION AND ACCESS
Uniform Resource Identifier www.asmpress.org
942 ## - ADDED ENTRY ELEMENTS (KOHA)
Koha item type Books
Holdings
Withdrawn status Lost status Damaged status Collection code Home library Current library Shelving location Date acquired Full call number Accession Number Koha item type
      ENVIRONMENTAL STUDIES North Eastern Hill University North Eastern Hill University General Stacks 19/02/2026 572.87 BAC 315890 Books